№ 9; Национальные стандарты
| Parent link: | Национальные стандарты: Информационный указатель/ Федеральное агентство по техническому регулированию и метрологии. № 9.— , 2004- |
|---|---|
| Lenguaje: | ruso |
| Publicado: |
2012
|
| Formato: | Libro |
| KOHA link: | https://koha.lib.tpu.ru/cgi-bin/koha/opac-detail.pl?biblionumber=488518 |
MARC
| LEADER | 00000nam2a2200000 4500 | ||
|---|---|---|---|
| 001 | 488518 | ||
| 005 | 20250410182552.0 | ||
| 035 | |a (RuTPU)RU\TPU\prd\157035 | ||
| 090 | |a 488518 | ||
| 100 | |a 20121029a19409999k y0rusy50 ca | ||
| 101 | 0 | |a rus | |
| 102 | |a RU | ||
| 200 | 0 | |a № 9 | |
| 210 | |d 2012 | ||
| 461 | 1 | |0 (RuTPU)RU\TPU\prd\23792 |t Национальные стандарты |o Информационный указатель |f Федеральное агентство по техническому регулированию и метрологии |v № 9 |d 2004- | |
| 801 | 0 | |a RU |b 63413507 |c 20010227 |g PSBO | |
| 801 | 1 | |a RU |b 63413507 |c 20121029 | |
| 801 | 2 | |a RU |b 63413507 |c 20191202 |g RCR | |
| 942 | |c CR | ||